LEADER 01082nam a2200205 i 4500 001 000000238260 003 CaOOAMICUS 005 20251202085738.0 008 150127s1727 it u000 u lat u 013 $a217165 026 $aumum t.m- *cus cumu (3) 1727 (R) - [*= ae] 040 $aSeMil$bita 245 10$aTomus 7. 300 $a[16], 868 p. 500 $aSegn.: pg2 a2 e2 i2 A-5O4 5P-5T2. 773 0 $aIoannes : Chrysostomus $tTou en agiois patros hemon Ioannou ... tou Chrysostomou ta Heuriskomena panta. Sancti patris nostri Joannis Chrysostomi archiepiscopi Constantinopolitani Opera omnia quae exstant, vel quae ejus nomine circumferuntur, ad mss. codices Gallicanos, Vaticanos, ... Opera & studio d. Bernardi de Montfaucon ... Tomus 1. [-13.].$dParisiis : Sumtibus Ludovici Guerin, sub signo S. Thomae Aquinatis, ... [etc.] via Jacobaea, 1718-1738$g7$w()31292 850 $aSeMil 852 $aSeMil$W1$xVenegono$y1$m2S VIII 20 FA$j188606$B188606$CSeMilBibl$Z2$F199353 $8I 996 $6245$aTomus 7$9(OLS)http://semarc/title/308135 LEADER 01051nam a2200205 i 4500 001 000000058022 003 CaOOAMICUS 005 20160408000000.0 008 160408s1778 xx u000 u lat u 013 $a29194 026 $aTOD. I.I. sab- CaPA (3) 1778 (R) 040 $aSeMil$bita 245 10$aTomus 2. De librorum ritualium explanatoribus. 300 $axvj, 468 p. 500 $aSegn. : [*]4 2*4 A-3M4 3N2. - C. [*]3r. racchiusa in cornice xilogr. 773 0 $aZaccaria, Francesco Antonio $tBibliotheca ritualis concinnatum opus a Francisco Antonio Zaccaria ac duos in tomos tributum quorum alter de libris ipsis ritualibus alter de illorum explanatoribus agit. Tomus 1. [-2.].$dRomae : Sumptibus Venantii Monaldini bibliopolae in Via Cursus, 1776-1781.$g2$w()30266 850 $aSeMil 852 $aSeMil$W1$xVenegono$y1$m3K V 34 FA$j24175$B24175$CSeMilBibl$Z2$F24178 $8I 961 $aOmaggio: Biblioteca Seminario Seveso (fino al 1985) 996 $6245$aTomus 2. De librorum ritualium explanatoribus$9(OLS)http://semarc/title/90375